000
00285nam a2200145Ia 4500
100
_a
Koenig/ Andrew
942
_c
BK
654
_a
C
245
_a
C Traps & Pit Falls
260
_b
Addison Wesly
_c
1989
082
_a
5.26
_b
KOE
300
_a
147
546
_a
ENGLISH
999
_c
17946
_d
17946